Citations Film Harry Potter FR - Statistiques

Statistiques générales
  • Ce quiz a été pris 357 fois
  • Le résultat moyen est 5 sur 20
Statistiques - réponses
Hint Réponse % Correct
Allez Tom, finissons comme nous avons commencé. ... ensemble
66%
N'aie pas pitié des morts Harry, aie pitié des vivants et en particulier de tous ceux ... qui vivent sans amour
61%
Il faut du courage pour affronter ses ennemis mais il en ... faut encore plus pour affronter ses amis
58%
Tu es un parfait crétin Ronald Weasley ! Tu débarques ici après des semaines ? Et tu dis ... salut
43%
Je ne rentre pas chez moi… .... pas vraiment
29%
Je me fiche éperdument de ce que pense ton père, Malefoy. Il est vil et cruel. .... et toi tu es pathétique
28%
- drago : " mon père en entendra parler !" - maugrey : .... c'est une menace ?
27%
Tu appelles ça jeter un sort ? ... avoue que ce n’est pas une réussite
24%
- Alors ? Vous l’avez fait avec Ginny ? - Quoi ?! - ..... - Ah heu, oui ! cacher le livre
24%
- Est-ce que ça fait mal de mourir ? - ... C’est plus rapide que de s’endormir
21%
Mais vous savez, on peut trouver du bonheur même dans les endroits les plus sombres ... il suffit de se souvenir d’allumer la lumière
20%
La peur du nom ne fait... qu'accroître la peur de la chose elle-même
19%
- .... -Qui êtes-vous et qu'avez vous fait à Hermione Granger ? c'est amusant de ne pas respecter le règlement
9%
J’ai tout appris dans les livres. Mais il y a des choses beaucoup plus importantes ... le courage l’amitié
9%
- Je ne vois pas pourquoi tu ne veux pas le porter. - Parce que j’ai l’air d’un idiot, voilà pourquoi. - ... Pas plus que d’habitude.
9%
Ce ne sont pas nos capacités qui ... , Harry, ce sont nos choix ! déterminent ce que nous sommes
7%
Nous avons parié, mon père et moi. ... . Lui, il n’est pas d’accord, il croit que tu n’en tiendras pas cinq. je ne crois pas que tu tiendras dix minutes dans ce tournoi
3%
- Potentiellement problématique ?! ... ça remonte à quand la dernière fois que tu es rester une heure sous l’eau sans respirer ?
2%
- Quoi ? mais on ne peut pas ressentir tout ça !- ... Si, mais toi tu as la capacité émotionnelle d'une petite cuillère
2%
Maintenant, je vais me coucher ! Avant que ... l'un de vous ait une brillante idée pour nous tuer. Ou pire, nous faire expulser
1%
Aucun quiz correspondant
Distribution des résultats
% des personnes avec chaque résultat
Percentile par nombre de réponses
Votre historique - résultats
Vous n’avez pas pris ce quiz